India A-Z - Statistics

General Stats
  • This quiz has been taken 170 times
    160 since last reset
  • The average score is 17 of 25
Answer Stats
Hint Answer % Correct
R Currency of India Rupee
97%
G Holy River in Hinduism Ganges
95%
H Mountain Range in Northern India Himalayas
95%
N Capital of India New Delhi
95%
C Former name of Kolkata Calcutta
94%
K Region disputed with Pakistan Kashmir
92%
T Marble Mausoleum found in Agra Taj Mahal
89%
B Language widely spoken in the eastern part of the country Bengali
87%
I People first came to India from this river civilization Indus River
85%
J The "Pink City" was a royal residence in this city Jaipur
81%
V Hindu God also known as "The Preserver" Vishnu
81%
E Ghandi Quote: An ___ for an ___ makes the whole world blind Eye
76%
U Language spoken in western India Urdu
74%
O Symbol of Hinduism Om
71%
A The Sabarmati River runs through the center of this city Ahmedabad
69%
L Hindu goddess of wealth Lakshmi
67%
M Empire in India that was created in the 1500s Mughal Empire
66%
S Symbol of Brahman and Hinduism, not to be confused with the Nazi one Swastika
58%
Y Bos mutus is a large wild one of these, which can be found in northern India Yak
51%
D India is the world's largest one of these Democracy
49%
F Largest City in the state of Haryana Faridabad
41%
Z The essence of understanding the meaning of life directly Zen
33%
Q Indira Ghandi Quote: "The power to ______ is the basis of all human progress" Question
32%
W Monsoons are seasonal ______ Winds
28%
P Strait separating India from Sri Lanka Palk Strait
26%
No matching quizzes found
Score Distribution
Percent of People with Each Score
Percentile by Number Answered
Your Score History
You have not taken this quiz since the last reset